| 000 | 00963cam a2200301 a 4500 | ||
|---|---|---|---|
| 999 |
_c3011 _d3011 |
||
| 001 | 226861 | ||
| 003 | GBCCL | ||
| 005 | 20241126110445.0 | ||
| 008 | 981219s1998 moua 000 0 eng d | ||
| 010 | _a 99193147 | ||
| 020 | _a0570053307 | ||
| 035 | _a(DLC) 99193147 | ||
| 035 | _a(OCoLC)40522411 | ||
| 040 |
_aMoS _cMoS _dDLC |
||
| 042 | _alccopycat | ||
| 050 | 0 | 0 |
_aBV652.23 _b.G57 1998 |
| 082 | 0 | 0 |
_a254.4 _221 _bGLU |
| 100 | 1 |
_aGlusenkamp, Ronald T. _96260 |
|
| 245 | 1 | 0 |
_aSigns for these times : _bchurch signs that work / _cRonald T. Glusenkamp. |
| 260 |
_aSt. Louis, Mo. : _bConcordia Pub. House, _cc1998. |
||
| 300 |
_a126 p. : _bill. ; _c23 cm. |
||
| 650 | 0 |
_aChurch marketing. _96261 |
|
| 650 | 0 |
_aSigns and signboards. _96262 |
|
| 650 | 0 |
_aReligion _vQuotations, maxims, etc. _96263 |
|
| 906 |
_a7 _bcbc _ccopycat _d3 _encip _f19 _gy-gencatlg |
||
| 942 |
_2ddc _cBK |
||